01116 2200205 4500001002100000005001500021035002000036008004100056245006800097100001300165250000600178260003800184300001200222084001400234082000800248650001000256520062000266990001200886990001200898INLIS00000000000086920240604102620 a0010-0524000104240604 1 ind 1 aAnother Love Story Of Bangtan Girl And Bangtan Boys /cPutri Ai aPutri Ai a1 aYogyakarta :bSheila/ Andi,c2019 a442 hlm a813 PUT a a813 4aFiksi aNovel ini merupakan sebuah karya cerita fanfiction dari negara Korea Selatan, yang menceritakan kisah karir dan perjalanan cinta dari anggota boyband terkenal bernama BTS, juga girlband bernama Bangtan Girls, sekaligus mengisahkan perjalanan seorang talent perempuan dari Bangtan Girls yang bernama Ara. Tokoh utamanya ada Ara, Taehyung, dan Jungkook. dan dimana tokoh utama perempuannya ini ceritanya keponakannya Bang PD-nim.Kisah yang diangkat adalah kisah salah satu anggota BTS, Jungkook, yang bertemu dengan mantan pacar kakaknya, Ara, yang kebetulan sedang direkrut untuk melakukan debut di agency yang sama. a0741338 a0741339